|
|
|
|
| LEADER |
00000nab a2200000 a 4500 |
| 001 |
vtls011121854 |
| 003 |
SK-MaSNL |
| 005 |
20260303185117.0 |
| 008 |
230218|1998 xo |||||||||||||||||slo| |
| 015 |
|
|
|a SNBRB
|
| 035 |
|
|
|a (uuid)7b8d6953-4277-4a04-86da-efb813c16338
|
| 035 |
|
|
|a (urnnbn)urn:nbn:sk:snk:ar-a08ui5
|
| 035 |
|
|
|a urn:nbn:sk:snk-ab9tlj
|
| 040 |
|
|
|a SNKBUCL
|b slo
|c SNKBUCL
|e AACR2
|
| 041 |
0 |
|
|a slo
|
| 044 |
|
|
|a xo
|c SK
|
| 100 |
1 |
|
|a Burák, Emil,
|d 1963-
|4 aut
|9 231617
|
| 245 |
1 |
0 |
|a ALTERNATÍVNE SPÔSOBY RIEŠENIA OPTIMALIZÁCIE DAŇOVÉHO SYSTÉMU V SR
|c Emil Burák
|
| 773 |
0 |
|
|t Dane a právo v praxi
|g Roč. 3, č. 15 (1998), s. 2-5
|
| 954 |
|
|
|a odborná, vedecká literatúra pôvodná (slovenská)
|2 lita
|
| 958 |
|
|
|a OND
|
| 958 |
|
|
|a EUIPO
|
| 958 |
|
|
|a article13
|
| 999 |
|
|
|c 2129913
|d 2131843
|